<?xml version="1.0" encoding="UTF-8"?><?xml-stylesheet type="text/xsl" href="static/style.xsl"?><OAI-PMH xmlns="http://www.openarchives.org/OAI/2.0/" xmlns:xsi="http://www.w3.org/2001/XMLSchema-instance" xsi:schemaLocation="http://www.openarchives.org/OAI/2.0/ http://www.openarchives.org/OAI/2.0/OAI-PMH.xsd"><responseDate>2026-04-17T18:57:28Z</responseDate><request verb="GetRecord" identifier="oai:www.recercat.cat:2445/195364" metadataPrefix="marc">https://recercat.cat/oai/request</request><GetRecord><record><header><identifier>oai:recercat.cat:2445/195364</identifier><datestamp>2025-12-05T14:48:28Z</datestamp><setSpec>com_2072_1057</setSpec><setSpec>col_2072_478821</setSpec><setSpec>col_2072_478917</setSpec></header><metadata><record xmlns="http://www.loc.gov/MARC21/slim" xmlns:dcterms="http://purl.org/dc/terms/" xmlns:xsi="http://www.w3.org/2001/XMLSchema-instance" xmlns:doc="http://www.lyncode.com/xoai" xsi:schemaLocation="http://www.loc.gov/MARC21/slim http://www.loc.gov/standards/marcxml/schema/MARC21slim.xsd">
   <leader>00925njm 22002777a 4500</leader>
   <datafield ind2=" " ind1=" " tag="042">
      <subfield code="a">dc</subfield>
   </datafield>
   <datafield ind2=" " ind1=" " tag="720">
      <subfield code="a">Rodríguez-Tapiador, María Isabel</subfield>
      <subfield code="e">author</subfield>
   </datafield>
   <datafield ind2=" " ind1=" " tag="720">
      <subfield code="a">Merino, Jesús</subfield>
      <subfield code="e">author</subfield>
   </datafield>
   <datafield ind2=" " ind1=" " tag="720">
      <subfield code="a">Jawhari, Tariq</subfield>
      <subfield code="e">author</subfield>
   </datafield>
   <datafield ind2=" " ind1=" " tag="720">
      <subfield code="a">Muñoz Rosas, A. L.</subfield>
      <subfield code="e">author</subfield>
   </datafield>
   <datafield ind2=" " ind1=" " tag="720">
      <subfield code="a">Bertomeu i Balagueró, Joan</subfield>
      <subfield code="e">author</subfield>
   </datafield>
   <datafield ind2=" " ind1=" " tag="720">
      <subfield code="a">Fernández, Susana</subfield>
      <subfield code="e">author</subfield>
   </datafield>
   <datafield ind2=" " ind1=" " tag="260">
      <subfield code="c">2023-03-16T09:33:57Z</subfield>
   </datafield>
   <datafield ind2=" " ind1=" " tag="260">
      <subfield code="c">2023-03-16T09:33:57Z</subfield>
   </datafield>
   <datafield ind2=" " ind1=" " tag="260">
      <subfield code="c">2023-02-10</subfield>
   </datafield>
   <datafield ind2=" " ind1=" " tag="260">
      <subfield code="c">2023-03-16T09:33:57Z</subfield>
   </datafield>
   <datafield ind2=" " ind1=" " tag="520">
      <subfield code="a">This material can be considered to be an interesting eco-friendly choice to be used in the photovoltaic field. In this work, we present the fabrication of Cu3N thin films by reactive radio-frequency (RF) magnetron sputtering at room temperature, using nitrogen as the process gas. Dif-ferent RF power values ranged from 25 to 200 W and gas pressures of 3.5 and 5 Pa were tested to determine their impact on the film properties. The morphology and structure were exhaustively examined by Atomic Force Microscopy (AFM), Fourier Transform Infrared (FTIR) and Raman Spec-troscopies and X-ray Diffraction (XRD), respectively. The AFM micrographs revealed different mor-phologies depending on the total pressure used, and rougher surfaces when the films were depos-ited at the lowest pressure; whereas FTIR and Raman spectra exhibited the characteristics bands related to the Cu-N bonds of Cu3N. Such bands became narrower as the RF power increased. XRD patterns showed the (100) plane as the preferred orientation, that changed to (111) with the RF power, revealing a worsening in structural quality. Finally, the band gap energy was estimated from transmission spectra carried out with a Perkin Elmer 1050 spectrophotometer to evaluate the suita-bility of Cu3N as a light absorber. The values obtained demonstrated the capability of Cu3N for solar energy conversion applications, indicating a better film performance under the sputtering condi-tions 5.0 Pa and RF power values ranged from 50 to 100 W.</subfield>
   </datafield>
   <datafield tag="653" ind2=" " ind1=" ">
      <subfield code="a">Cèl·lules fotovoltaiques</subfield>
   </datafield>
   <datafield tag="653" ind2=" " ind1=" ">
      <subfield code="a">Coure</subfield>
   </datafield>
   <datafield tag="653" ind2=" " ind1=" ">
      <subfield code="a">Photovoltaic cells</subfield>
   </datafield>
   <datafield tag="653" ind2=" " ind1=" ">
      <subfield code="a">Copper</subfield>
   </datafield>
   <datafield ind2="0" ind1="0" tag="245">
      <subfield code="a">Impact of the RF Power on the Copper Nitride Films Deposited in a Pure Nitrogen Environment for Applications as Eco-Friendly Solar Absorber</subfield>
   </datafield>
</record></metadata></record></GetRecord></OAI-PMH>